000 00545nam a2200229Ia 4500
003 OSt
005 20220924142913.0
006 a|||||r|||| 00| 0
007 ta
008 220923b |||||||| |||| 00| 0 ben d
024 _a303779
037 _cTextual
040 _aARTS
_cARTS
_bben
041 _2ben
_aben
082 _aV297'M1, 157M6
100 _aSensharma
_9214278
245 0 _aChayabrcta
260 _c1986
650 _aHISTORY
942 _hV297'M1, 157M6
_cTEXL
_2CC
999 _c452403
_d452403